000 00398nam a2200121Ia 4500
008 240731s9999 xx 000 0 und d
022 _a1743-2782
245 0 _aCorrosion Engineering, Science and Technology : The International Journal of Corrosion Processes and Corrosion Control
260 _bTaylor & Francis
856 _uhttps://www.tandfonline.com/loi/ycst20
942 _2ddc
942 _cTFEJ
999 _c76076
_d76076
945 _a1
_bMadushi Gamage
_c1
_dMadushi Gamage